000 00477nam a2200181Ia 4500
001 24331
005 20260414151036.0
008 260414t2017||||xx |||||||||||||| ||spa||
041 _aESP
082 _a345.3
_bS21
100 _aSánchez Córdova, Juan
_eAUT
245 0 _aLa aprueba prohibida y la nulidad de actuados :
_ben el proceso penal peruano
260 _c2017
300 _a198 páginas :
_c24 cm.
650 _aDER
654 _aCDE
942 _cLIB
_dJUS
_fJUS
_2ddc
_n
999 _c24331
_d24331